| 000 | 01164nam a22003377a 4500 | ||
|---|---|---|---|
| 003 | CHAP | ||
| 005 | 20220329133651.0 | ||
| 008 | 971013s1990 r 00010 d | ||
| 010 | _a9235 | ||
| 011 | _a10207 | ||
| 035 | _a9444 | ||
| 040 | _cCHAP | ||
| 082 |
_a674.835 _bS8 |
||
| 100 | 0 | 0 |
_aSuchsland, Otto. _9110166 |
| 245 | _aFiberboard manufacturing practices in the United States | ||
| 260 |
_aMadison, Wisconsin : _bForest Products Research Society, _c1990 |
||
| 300 |
_a263 p. _b: ilus |
||
| 500 | _aPublicado en 1987 por EUA. Department of Agriculture, como Agriculture handbook; 640 | ||
| 590 |
_aBATCH-UPD _b10 _c20130110 _lUCH01 _h1014 |
||
| 590 |
_aBATCH-UPD _b10 _c20130410 _lUCH01 _h1125 |
||
| 590 |
_aBATCH-UPD _b10 _c20130914 _lUCH01 _h1635 |
||
| 590 |
_aCONVERSION _b10 _c20130109 _lUCH01 _h1306 |
||
| 650 | 1 | 4 |
_aIndustria maderera _xE.U.A. _957882 |
| 650 | 1 | 4 |
_aMadera _xAnĂ¡lisis. _969595 |
| 650 | 1 | 4 |
_aMaderas laminadas. _969669 |
| 650 | 1 | 4 |
_aTableros contrachapados. _9111300 |
| 700 | 0 |
_aWoodson, George E. _9122576 |
|
| 901 | _aBK | ||
| 942 | _cLIBRO | ||
| 949 |
_a674.835 S8 _bBC _cLIBRO _d33724000146577 _eLIBRO _gI. 171572 _h85621 _i9444 _si _t204.75 |
||
| 999 |
_c9235 _d9235 |
||